Every East/West Player - Key & Peele - Statistics

General Stats
  • This quiz has been taken 18 times
  • The average score is 7 of 64
Answer Stats
College Answer % Correct
BYU Dan Smith
77%
Fudge
54%
Penn State Hingle McCringleberry
54%
San Diego State EEEEE EEEEEEEEE
38%
Homeschool God
38%
Morehouse College A.A. Ron Balakay
31%
San Jose State Quatro Quatro
31%
Wayne State T.J. Juckson
31%
Nevada State Penitentiary Torque (Construction Noise) Lewith
31%
Boise State Donkey Teeth
23%
DeVry University Harvard University
23%
Florida Atlantic L'Carpetron Dookmarriot
23%
Army-Navy Surplus Store Morse Code
23%
Jones College Beezer Twelve Washingbeard
15%
Southern Mississippi Davoin Shower-Handel
15%
Georgia D'Marcus Williums
15%
Notre Dame D'Squarius Green, JR.
15%
College University Firstname Lastname
15%
University of Tennessee at Chattanooga Ibrahim Moizoos
15%
Michigan State Jackmerius Tacktheritrix
15%
Stanford Ozamataz Buckshank
15%
Missouri Western State X-Wing @Aliciousness
15%
Online Classes ⬥︎♓︎■︎♑︎ ♎︎♓︎■︎♑︎⬧︎
8%
Oxford University Benedict Cumberbatch
8%
Syracuse Blyrone Blashington
8%
Rutgers Coznesster Smiff
8%
Coastal Carolina D'Isiah T. Billings-Clyde
8%
South Carolina State D'Jasper Probincrux III
8%
Ole Miss D'Pez Poopsie
8%
Alabama Elipses Corter
8%
The Ohio State University Jammie Jammie-Jammie
8%
Louisville Mergatroid Skittle
8%
South Dakota State Scoish Velociraptor Maloish
8%
Merrimack T'Variusness King
8%
Miami Tyroil Smoochie-Wallace
8%
California University of Pennsylvania Xmus Jaxon Flaxon-Waxon
8%
Florida State Bismo Funyuns
0%
Michigan Bisquiteen Trisket
0%
Virginia Tech Cartoons Plural
0%
Utah State Dahistorius Lamystorius
0%
Georgia Tech Decatholic Mango
0%
Wisconsin D'Glester Hardunkichud
0%
Nebraska Eggquizitine Buble-Schwinslow
0%
Indiana University Perdue University Indianapolis Equine Ducklings
0%
Oklahoma State Ewokoniad Sigourneth Juniorstein
0%
Arkansas Fartrell Cluggins
0%
Miami Goolius Boozler
0%
Hawaii Huka'Lakanaka Hakanakaheekalucka'hukahakafaka
0%
Middle Tennessee Javaris Jamar Javarison-Lamar
0%
University of South Florida J'Dinkalage Morgoone
0%
Baylor King Prince Chambermaid
0%
Arizona Ladadadaladadadadada Dala-Dadaladaladaladalada
0%
Colorado Ladennifer Jadansiton
0%
East Carolina Leoz Maxwell Jilliumz
0%
LSU Nyguillus Dillwad
0%
Auburn Quackadilly Blip
0%
Tennessee Quiznatodd Bidness
0%
Texas A&M Saggitariutt Jefferspin
0%
Northern Arizona Shakiraquan T.G.I.F. Carter
0%
Santa Monica College Squeeeeeeeeeeeeeps
0%
Adam State Squester Grundelplith M.D.
0%
Saskatchewan University Swirvithan L'Goodling-Splatt
0%
University of Missouri-Columbia (The Player Formerly Know As Mousecop)
0%
I'll Be In College T.J. A.J. R.J. Backslashinfourth V
0%
No matching quizzes found
Score Distribution
Percent of People with Each Score
Percentile by Number Answered
Your Score History
You have not taken this quiz